NBA Active Top 50: playoff steals - Statistics

General Stats
  • This quiz has been taken 27 times
  • The average score is 39 of 50
Answer Stats
Team Player Steals % Correct
PHX Chris Paul 233
100%
BKN James Harden 223
100%
BKN Kevin Durant 139
100%
LAL LeBron James 445
100%
GSW Stephen Curry 181
100%
POR Damian Lillard 66
96%
PHI Danny Green 152
96%
GSW Draymond Green 197
96%
MIL Giannis Antetokounmpo 49
96%
MIA Jimmy Butler 122
96%
HOU John Wall 64
96%
LAC Kawhi Leonard 217
96%
WAS Russell Westbrook 196
96%
WAS Bradley Beal 62
92%
SAS DeMar DeRozan 63
92%
BOS Jaylen Brown 52
92%
BOS Jayson Tatum 50
92%
GSW Klay Thompson 119
92%
TOR Kyle Lowry 132
92%
LAC Paul George 146
92%
LAL Anthony Davis 49
88%
BKN Kyrie Irving 88
88%
OKC Al Horford 96
83%
DET Blake Griffin 57
83%
MIL Khris Middleton 52
83%
SAS LaMarcus Aldridge 49
83%
LAC Lou Williams 62
83%
SAS Patty Mills 50
83%
ATL Rajon Rondo 223
83%
BOS Marcus Smart 88
75%
CHI Thaddeus Young 60
75%
MIA Andre Iguodala 213
71%
UTA Mike Conley 89
71%
MIA/BKN Avery Bradley / DeAndre Jordan 46
67%
CLE Kevin Love 46
67%
DEN Paul Millsap 116
67%
NOP J.J. Redick 54
63%
OKC Trevor Ariza 139
63%
POR Carmelo Anthony 98
58%
DET Derrick Rose 47
58%
PHI Dwight Howard 92
58%
LAL Marc Gasol 79
58%
NOP Eric Bledsoe 49
54%
OKC George Hill 116
50%
BOS Jeff Teague 67
46%
HOU PJ Tucker 49
46%
LAC Serge Ibaka 60
46%
MIA Udonis Haslem 58
46%
PHX Jae Crowder 68
42%
LAL Wesley Matthews 54
38%
No matching quizzes found
Score Distribution
Percent of People with Each Score
Percentile by Number Answered
Your Score History
You have not taken this quiz